| 000 | 00922nam a2200349 a 4500 | ||
|---|---|---|---|
| 003 | AR-BaBNM | ||
| 005 | 20251128203455.0 | ||
| 008 | 082120s2002 ||||||||||||||000 | spa|| | ||
| 040 | _cAR-BaBNM | ||
| 100 | 1 | _aRomero, José Luis | |
| 245 | 0 | 0 | _aLas ideas políticas en Argentina |
| 250 | _a2ª ed. | ||
| 260 |
_aBuenos Aires _bFondo de Cultura Económica _c1956 |
||
| 300 | _a268 p. | ||
| 490 | 0 |
_aTierra firme _vv. 25 |
|
| 504 | _aBibliografía para consultar p. 261-262. | ||
| 650 | 4 | _aHISTORIA ARGENTINA | |
| 650 | 4 | _aCOLONIALISMO | |
| 650 | 4 | _aAUTORITARISMO | |
| 650 | 4 | _aFEDERALISMO | |
| 650 | 4 | _aFASCISMO | |
| 650 | 4 | _aHISTORIOGRAFIA ARGENTINA | |
| 650 | 4 | _aHISTORIA DE LAS IDEAS | |
| 650 | 4 | _aHISTORIA CULTURAL | |
| 650 | 4 | _aHISTORIA SOCIAL | |
| 650 | 4 | _aIDEOLOGIAS | |
| 650 | 4 | _aIDENTIDAD NACIONAL | |
| 650 | 4 | _aDEMOCRACIA | |
| 650 | 4 | _aLIBERALISMO | |
| 942 | _cBK | ||
| 998 | _cmariana | ||
| 999 |
_c3552 _d3552 |
||